02247nam a2200409 i 4500001001200000003000800012006001900020007001500039008004100054020001800095020002700113040003500140035002100175050002300196245053000219250001900749264004700768300008300815336002100898337002300919338003200942490008100974504004101055505015101096588010301247590014701350650001801497650001901515655002201534700002501556700001801581700001701599797001201616830006601628856012601694999001701820ebr10825573CaPaEBRm o d cr cn|||||||||140114s2013 enkabd ob 000 0 eng|d z9781781908822 a9781781908839 (e-book) aCaPaEBRbengerdaepncCaPaEBR a(OCoLC)89319230914aTD345b.W38 2013eb00aWater insecurity :ba social dilemma /cedited by Md. Anwarul Abedin, International Environment and Disaster Management Laboratory, Graduate School of Global Environmental Studies, Kyoto University, Kyoto, Japan, Umma Habiba, International Environment and Disaster Management Laboratory, Graduate School of Global Environmental Studies, Kyoto University, Kyoto, Japan, Rajib Shaw, International Environmental and Disaster Management Laboratory, Graduate School of Global Environmental Studies, Kyoto University, Kyoto, Japan. aFirst edition. 1aBingley, United Kingdom :bEmerald,c2013. a1 online resource (320 pages) :billustrations (some color), map (some color). atext2rdacontent acomputer2rdamedia aonline resource2rdacarrier1 aCommunity, environment and disaster risk management,x2040-7262 ;vvolume 13 aIncludes bibliographical references.0 apart I. Introduction -- part II. Water quality issues -- part III. Water quantity issues -- part IV. The way forward : sustaining water resources. aDescription based on online resource; title from PDF title page (ebrary, viewed January 14, 2014). aElectronic reproduction. Palo Alto, Calif. : ebrary, 2014. Available via World Wide Web. Access may be limited to ebrary affiliated libraries. 0aWater-supply. 0aWater quality. 0aElectronic books.1 aAbedin, Md. Anwarul.1 aHabiba, Umma.1 aShaw, Rajib.2 aebrary. 0aCommunity, environment and disaster risk management ;vv. 13.40uhttp://site.ebrary.com/lib/rucke/Doc?id=10825573zAn electronic book accessible through the World Wide Web; click to view c87459d87459